000 00748nam a2200217 a 4500
001 83782
003 BD-RjUL
005 20240520121338.0
008 240520s1981 bg ||||| |||| 00| 0 ben d
035 _a(BD-RjUL)83782
040 _aBD-RjUL
_beng
_cBD-RjUL
041 _aben
082 _223
_a297
_bALS 1981
100 _aআলী, মোহাম্মদ মোরশেদ
_913084
245 _aইসলামের আহবান /
_cমোহাম্মদ মোরশেদ আলী
260 _aরাজশাহী :
_bইসলামী সাংস্কৃতিক কেন্দ্র,
_c১৯৮১
300 _a৫৫ পৃ.;
_c২২ সেমি.
650 _aইসলাম
650 _aIslam
942 _2ddc
_cBK
999 _c83782
_d83782